| 000 | 00000nam##2200000za#4500 |
| 001 | 9.663347 |
| 003 | CaOODSP |
| 005 | 20200330101937 |
| 007 | ta |
| 008 | 150407|2001||||xxc||||| f|0| 0 eng|d |
| 020 | |a0-662-66197-4 |
| 040 | |aCaOODSP|beng |
| 041 | |aeng |
| 041 | |afre |
| 043 | |an-cn--- |
| 086 | 1 |aSW21-89/2001 |
| 110 | 1 |aCanada. |bStatus of Women Canada. |
| 245 | 10|aInternational trade: putting gender into the process : |binitiatives and lessons learned / |cby Soraya Hassanali. |
| 260 | |aOttawa - Ontario : |bStatus of Women Canada |c2001. |
| 300 | |aEnglish text, 35p. : |c28 cm. |
| 504 | |aBibliography. |
| 546 | |aBilingual |
| 563 | |aSpiral binding |
| 590 | |a01-51|b2001-12-28 |
| 690 | 07|aTrade policy|2gcpds |
| 690 | 07|aInternational trade|2gcpds |
| 690 | 07|aFree trade|2gcpds |
| 690 | 07|aStatus of women|2gcpds |
| 720 | 1 |aHassanali, Soraya |
| 776 | 0#|tCommerce international : intégration des considérations liées à l'égalité entre les sexes dans le processus d'élaboration des politiques : |w(CaOODSP)9.632909 |
| 776 | 0#|tInternational trade : putting gender into the process : |w(CaOODSP)9.688484 |
| 792 | |tCommerce international: intégration des considérations liées à l'égalité entre les sexes dans le processus d'élaboration des politiques : |efre|w(CaOODSP)9.663348 |